Subjugated Nomads/ (Record no. 201599)

MARC details
000 -LEADER
fixed length control field 00598nam a22001937a 4500
005 - DATE AND TIME OF LATEST TRANSACTION
control field 20240319171312.0
010 ## - LCCN (DPL NO)
LC control number ENG-139780
020 ## - INTERNATIONAL STANDARD BOOK NUMBER
International Standard Book Number 9789354420726
Terms of availability 695.00
035 ## - SYSTEM CONTROL NUMBER
System control number EN-123312
037 ## - SOURCE OF ACQUISITION
Source of stock number/acquisition DBAD/PUB
082 ## - DEWEY DECIMAL CLASSIFICATION NUMBER
Classification number 954.840086918
Edition number 1
100 ## - MAIN ENTRY--PERSONAL NAME
Personal name Bhukya, Bhangya
245 ## - TITLE STATEMENT
Title Subjugated Nomads/
Statement of responsibility, etc By Bhangya Bhukya
250 ## - EDITION STATEMENT
Edition statement 1
260 ## - PUBLICATION, DISTRIBUTION, ETC. (IMPRINT)
Place of publication, distribution, etc Hyderabad
Name of publisher, distributor, etc Orient Blackswan Private Ltd
Date of publication, distribution, etc 2022
270 ## - ADDRESS
Address 3-6-752, Himayatnagar
City Hyderabad
Postal code 500029
Electronic mail address info@orintblackswan.com
300 ## - PHYSICAL DESCRIPTION
Extent xxiii,296p.
Dimensions 22cm(pbk)
942 ## - ADDED ENTRY ELEMENTS (KOHA)
Source of classification or shelving scheme Dewey Decimal Classification
Item type English Books
Classification part 954.840086918
Call number suffix BHU
Edition 1
Holdings
Withdrawn status Lost status Not for loan Collection code Home library Current library Date acquired Source of acquisition Cost, normal purchase price Full call number Barcode Copy number Cost, replacement price Koha item type
      Non-fiction Bawana Bawana 19/03/2024 DBAD 695.00 954.840086918 BHU EN-123312 1 695.00 English Books

© Delhi Public Library
Hit Counter
free hit counter